000 00635nas a2200205 4500
001 BR8703426
003 BR-BrBNA
005 20231205090657.0
007 ta
008 230509b bl.|||p| |||| 00| 00por d
040 _aBR-BrBNA
_bpor
_cBiblioteca Nacional de Agricultura
041 _a(Pt)
072 _aL01
110 1 _aInstituto Estadual de Saude Animal, Belo Horizonte, MG (Brasil)
_96338
245 1 _aDuas experiencias positivas na producao de leite
650 _aPRODUCAO LEITEIRA
773 0 _tIESACAO (Brazil)
_x
_g(Apr 1986), (no. 31) p. 2
_wBR8703426
909 _a202311
_bLúcia
_c55
_dLúcia Elande
942 _2AGRIS
_n0
_cANA
999 _c120195
_d120195